20 Lecciones de español para estudiantes y maestros / (Record no. 61)

MARC details
000 -CABECERA
campo de control de longitud fija 00528nam a2200193 a 4500
005 - FECHA Y HORA DE LA ÚLTIMA TRANSACCIÓN
campo de control 20240315063634.0
008 - ELEMENTOS DE LONGITUD FIJA--INFORMACIÓN GENERAL
campo de control de longitud fija 991125s1967 mx 000 0 spa u
035 ## - NÚMERO DE CONTROL DEL SISTEMA
Número de control de sistema UPN01000000061
049 ## - COLECCIÓN
Colección CG
050 #4 - SIGNATURA TOPOGRÁFICA DE LA BIBLIOTECA DEL CONGRESO
Número de clasificación PC4065
Número de documento/Ítem C3.8 1967
100 1# - ASIENTO PRINCIPAL--NOMBRE PERSONAL
Nombre de persona Caso, María
245 10 - MENCIÓN DE TÍTULO
Título 20 Lecciones de español para estudiantes y maestros /
Mención de responsabilidad, etc. María Caso.
250 ## - MENCIÓN DE EDICIÓN
Mención de edición 2a ed.
260 ## - PUBLICACIÓN, DISTRIBUCIÓN, ETC.
Lugar de publicación, distribución, etc. México :
Nombre del editor, distribuidor, etc. UNAM,
Fecha de publicación, distribución, etc. 1967.
300 ## - DESCRIPCIÓN FÍSICA
Extensión 336 p.
440 #0 - MENCIÓN DE SERIE/ASIENTO SECUNDARIO--TÍTULO
Título Textos universitarios
650 #4 - ASIENTO SECUNDARIO DE MATERIA - TERMINO TEMATICO
Término de materia o nombre geográfico como elemento de entrada Español
Subdivisión general Estudio y enseñanza
9 (RLIN) 7357
905 ## - TIPO DE MATERIAL
Tipo de material Libro
Holdings
Estado de retiro Estado de pérdida Fuente del sistema de clasificación o colocación Estado dañado No para préstamo Código de colección Localización permanente Ubicación/localización actual Ubicación en estantería Fecha de adquisición Total de préstamos Clasificación Código de barras Fecha visto por última vez Número de copia Tipo de ítem Koha
    Library of Congress Classification   En proceso de revisión Colección General Bib. Gregorio Torres Quintero Bib. Gregorio Torres Quintero Planta baja 11/08/2023 7 PC4065 C3.8 1967 45483 31/12/2020 1 Libro